BRITANNICA junior: prepared under the supervision of the editors of the encyclopedia Britannica

Saved in:
Bibliographic Details
Format: Book
Language:English
Published: : Encyclopedia Britannica 1960
Tags: Add Tag
No Tags, Be the first to tag this record!

MARC

LEADER 00000nam a22000007a 4500
008 201218b ||||| |||| 00| 0 eng d
245 |a BRITANNICA junior:   |b prepared under the supervision of the editors of the encyclopedia Britannica  |c : Encyclopedia Britannica  |g xxxiii, 576p. ; ill. 
250 |c : Encyclopedia Britannica 
260 |b : Encyclopedia Britannica  |c 1960  |h London  |i [694031 – vol. 4  |i 694032 – vol. 13  |i 694033 – vol. 10,  |i 694034 – vol. 7  |i 694124 – vol. 2  |i 694126 – vol. 3  |i 694138 – vol. 1  |i 694171 – vol. 6  |i 694191 – vol. 11  |i 694195 – vol. 12  |i 694290 – vol. 1  |i 694292 – vol. 9  |i 694293 – vol. 8  |i 694294 – vol. 5  |l AG5 .B77   |m Encyclopedias and dictionaries 
942 |a ddc  |c BK  |e Adeniran F.A  |f 18/12/2020 
952 |0 0  |1 0  |2 lcc  |4 0  |6 AG0005 B77  |7 0  |9 785  |a HOL  |b RF  |c AF  |d 2020-12-18  |l 0  |o AG5 .B77   |p 2020-230000  |r 2020-12-18 00:00:00  |w 2020-12-18  |y BK 
952 |0 0  |1 0  |2 lcc  |4 0  |6 AG0005 B77  |7 0  |9 798  |a HOL  |b RF  |c AF  |d 2020-12-18  |l 0  |o AG5 .B77   |p 2020-230012  |r 2020-12-18 00:00:00  |w 2020-12-18  |y BK 
952 |0 0  |1 0  |2 lcc  |4 0  |6 AG0005 B77  |7 0  |9 799  |a HOL  |b RF  |c AF  |d 2020-12-18  |l 0  |o AG5 .B77   |p 2020-230013  |r 2020-12-18 00:00:00  |w 2020-12-18  |y BK 
952 |0 0  |1 0  |2 lcc  |4 0  |6 AG0005 B77  |7 0  |9 800  |a HOL  |b RF  |c AF  |d 2020-12-18  |l 0  |o AG5 .B77   |p 2020-230014  |r 2020-12-18 00:00:00  |w 2020-12-18  |y BK 
952 |0 0  |1 0  |2 lcc  |4 0  |6 AG0005 B77  |7 0  |9 801  |a HOL  |b RF  |c AF  |d 2020-12-18  |l 0  |o AG5 .B77   |p 2020-230015  |r 2020-12-18 00:00:00  |w 2020-12-18  |y BK 
952 |0 0  |1 0  |2 lcc  |4 0  |6 AG0005 B77  |7 0  |9 802  |a HOL  |b RF  |c AF  |d 2020-12-18  |l 0  |o AG5 .B77   |p 2020-230016  |r 2020-12-18 00:00:00  |w 2020-12-18  |y BK 
952 |0 0  |1 0  |2 lcc  |4 0  |6 AG0005 B77  |7 0  |9 803  |a HOL  |b RF  |c AF  |d 2020-12-18  |l 0  |o AG5 .B77   |p 2020-230017  |r 2020-12-18 00:00:00  |w 2020-12-18  |y BK 
952 |0 0  |1 0  |2 lcc  |4 0  |6 AG0005 B77  |7 0  |9 804  |a HOL  |b RF  |c AF  |d 2020-12-18  |l 0  |o AG5 .B77   |p 2020-230018  |r 2020-12-18 00:00:00  |w 2020-12-18  |y BK 
952 |0 0  |1 0  |2 lcc  |4 0  |6 AG0005 B77  |7 0  |9 805  |a HOL  |b RF  |c AF  |d 2020-12-18  |l 0  |o AG5 .B77   |p 2020-230019  |r 2020-12-18 00:00:00  |w 2020-12-18  |y BK 
952 |0 0  |1 0  |2 lcc  |4 0  |6 AG0005 B77  |7 0  |9 806  |a HOL  |b RF  |c AF  |d 2020-12-18  |l 0  |o AG5 .B77   |p 2020-230020  |r 2020-12-18 00:00:00  |w 2020-12-18  |y BK 
952 |0 0  |1 0  |2 lcc  |4 0  |6 AG0005 B77  |7 0  |9 807  |a HOL  |b RF  |c AF  |d 2020-12-18  |l 0  |o AG5 .B77   |p 2020-230021  |r 2020-12-18 00:00:00  |w 2020-12-18  |y BK 
952 |0 0  |1 0  |2 lcc  |4 0  |6 AG0005 B77  |7 0  |9 808  |a HOL  |b RF  |c AF  |d 2020-12-18  |l 0  |o AG5 .B77   |p 2020-230022  |r 2020-12-18 00:00:00  |w 2020-12-18  |y BK 
952 |0 0  |1 0  |2 lcc  |4 0  |6 AG0005 B77  |7 0  |9 809  |a HOL  |b RF  |c AF  |d 2020-12-18  |l 0  |o AG5 .B77   |p 2020-230023  |r 2020-12-18 00:00:00  |w 2020-12-18  |y BK 
952 |0 0  |1 0  |2 lcc  |4 0  |6 AG0005 B77  |7 0  |9 810  |a HOL  |b RF  |c AF  |d 2020-12-18  |l 0  |o AG5 .B77   |p 2020-230024  |r 2020-12-18 00:00:00  |w 2020-12-18  |y BK 
999 |c 445  |d 445